| 000 | 00430 a2200145 4500 | ||
|---|---|---|---|
| 003 | Nust | ||
| 005 | 20170207154216.0 | ||
| 040 | _cNust | ||
| 082 | _a378.4 | ||
| 245 |
_aSAC the National College for Food Land and Environmental Studies - Prospectus 1999 _cThe Scottish Agricultural College |
||
| 260 |
_aScotland _b Scottish Agricultural College _c1999 |
||
| 300 | _a76 p. | ||
| 538 | _aAlmirah No. 117 Shelf No. 1 | ||
| 650 | _aProspectus | ||
| 942 |
_2ddc _cBK |
||
| 999 |
_c195098 _d195098 |
||